[Event "NRW Class1 0708"]
[Site "Germany"]
[Date "2008.04.27"]
[Round "9.2"]
[White "Steves, Dayanand"]
[Black "Rieke, Theo"]
[Result "1-0"]
[WhiteElo "1975"]
[BlackElo "2208"]
[PlyCount "63"]
[EventDate "2007.09.16"]
[EventType "team"]
[EventRounds "9"]
[EventCountry "GER"]
[SourceTitle "EXT 2009"]
[Source "ChessBase"]
[SourceDate "2008.11.26"]
[SourceVersion "1"]
[SourceVersionDate "2008.11.26"]
[SourceQuality "1"]
[WhiteTeam "Krefeld"]
[BlackTeam "Neuenkirchen"]
[WhiteTeamCountry "GER"]
[BlackTeamCountry "GER"]

1. e4 e5 2. Nf3 Nc6 3. Bb5 a6 4. Bxc6 dxc6 5. 0-0 f6 6. d4 Bg4 7. c3 Bd6 8. Be3 Ne7 9. Nbd2 0-0 10. b4 Kh8 11. Qb3 Qd7 12. c4 exd4 13. Bxd4 Ng6 14. Rad1 Rfe8 15. c5 Be6 16. Qc3 Bf4 17. h4 Qf7 18. g3 Bh6 19. Kg2 Bg4 20. Rde1 Rad8 21. Nb3 Re7 22. h5 Nf8 23. Nh4 Bg5 24. Rh1 Kg8 25. Nf5 Rxe4 26. Rxe4 Bxf5 27. Re2 Qd5+ 28. f3 Ne6 29. Be3 Bg4 30. Rf1 Bxh5 31. Bxg5 Nxg5 32. Rd2 1-0

[Event "NRW Class1 0708"]
[Site "Germany"]
[Date "2007.12.09"]
[Round "4.2"]
[White "Forchert, Martin"]
[Black "Steves, Dayanand"]
[Result "1-0"]
[WhiteElo "2400"]
[BlackElo "1975"]
[PlyCount "124"]
[EventDate "2007.09.16"]
[EventType "team"]
[EventRounds "9"]
[EventCountry "GER"]
[SourceTitle "EXT 2009"]
[Source "ChessBase"]
[SourceDate "2008.11.26"]
[SourceVersion "1"]
[SourceVersionDate "2008.11.26"]
[SourceQuality "1"]
[WhiteTeam "Bielefeld"]
[BlackTeam "Krefeld"]
[WhiteTeamCountry "GER"]
[BlackTeamCountry "GER"]

1. e4 e6 2. d4 d5 3. Nd2 c5 4. exd5 exd5 5. Ngf3 Nf6 6. Bb5+ Bd7 7. Bxd7+ Nbxd7 8. 0-0 Be7 9. dxc5 Nxc5 10. Re1 0-0 11. Nf1 Re8 12. Be3 Bd6 13. Bd4 Nce4 14. Ne3 Qd7 15. Qd3 Bc7 16. Rad1 Rad8 17. Qb3 b5 18. Qd3 a5 19. c3 Nh5 20. g3 a4 21. Re2 f5 22. Rde1 Re7 23. Ng2 f4 24. Nd2 fxg3 25. fxg3 Bxg3 26. hxg3 Nhxg3 27. Qxg3 Nxg3 28. Rxe7 Qh3 29. Rxg7+ Kf8 30. Ree7 Nf5 31. Rgf7+ Kg8 32. Rxh7 Qxh7 33. Rxh7 Kxh7 34. Nf3 Nd6 35. Kf2 Nc4 36. b3 axb3 37. axb3 Na5 38. b4 Nc4 39. Nf4 Kh6 40. Be3 Kh7 41. Ng5+ Kg8 42. Bd4 Nd2 43. Ke3 Nc4+ 44. Kf3 Rd7 45. Kg4 Kf8 46. Kf5 Ke7 47. Bc5+ Kd8 48. Ke6 Kc7 49. Nf3 Rh7 50. Nd4 Na3 51. Nxd5+ Kb7 52. Nf5 Kc6 53. Nde7+ Kb7 54. Nd6+ Ka6 55. Nd5 Nc4 56. Nxc4 bxc4 57. Nf6 Rh6 58. Bd4 Kb5 59. Kd5 Rh8 60. Ne4 Rd8+ 61. Nd6+ Ka4 62. b5 Ka5 1-0

[Event "GER-ch U18"]
[Site "Willingen"]
[Date "2007.05.29"]
[Round "5"]
[White "Steves, Dayanand"]
[Black "Isakson, Alex"]
[Result "1-0"]
[WhiteElo "1980"]
[BlackElo "1884"]
[PlyCount "71"]
[EventDate "2007.05.26"]
[EventType "swiss"]
[EventRounds "9"]
[EventCountry "GER"]
[SourceTitle "CBM 118 Extra"]
[Source "ChessBase"]
[SourceDate "2007.07.04"]
[SourceVersion "1"]
[SourceVersionDate "2007.07.04"]
[SourceQuality "1"]

1. e4 c5 2. Nf3 Nc6 3. c3 d5 4. exd5 Qxd5 5. d4 Nf6 6. Be2 cxd4 7. cxd4 e6 8. 0-0 Be7 9. Nc3 Qd6 10. Bg5 0-0 11. Qd2 b6 12. Rfd1 Nd5 13. Rac1 Bxg5 14. Nxg5 Nce7 15. Bf3 Bb7 16. Qd3 g6 17. Nge4 Qd7 18. Qd2 Kg7 19. h4 h5 20. Ng3 Nf6 21. Nce4 Nxe4 22. Bxe4 Bxe4 23. Nxe4 Rad8 24. Ng3 Qd5 25. Rc7 Nc6 26. Ne2 Qd6 27. Rb7 Ra8 28. d5 Na5 29. Qc3+ Kg8 30. Rc7 Rfb8 31. Ng3 Rb7 32. Rxb7 Nxb7 33. Ne4 Qf4 34. Nf6+ Kf8 35. dxe6 Nd6 36. e7+ 1-0

[Event "GER-ch U18"]
[Site "Willingen"]
[Date "2007.05.26"]
[Round "1"]
[White "Steves, Dayanand"]
[Black "Dinger, Florian"]
[Result "0-1"]
[WhiteElo "1980"]
[BlackElo "2286"]
[PlyCount "138"]
[EventDate "2007.05.26"]
[EventType "swiss"]
[EventRounds "9"]
[EventCountry "GER"]
[SourceTitle "CBM 118 Extra"]
[Source "ChessBase"]
[SourceDate "2007.07.04"]
[SourceVersion "1"]
[SourceVersionDate "2007.07.04"]
[SourceQuality "1"]

1. e4 c5 2. c3 Nf6 3. e5 Nd5 4. d4 cxd4 5. Nf3 e6 6. cxd4 d6 7. Bc4 Nb6 8. Bb3 dxe5 9. Nxe5 Nc6 10. Nxc6 bxc6 11. 0-0 Be7 12. Bf4 0-0 13. Nc3 Nd5 14. Be5 Ba6 15. Re1 Nxc3 16. bxc3 Rc8 17. Re3 Bf6 18. Qh5 c5 19. Rh3 h6 20. Rg3 cxd4 21. cxd4 Kh8 22. Rd1 Bb7 23. h3 Be4 24. Qe2 Bh7 25. Qe3 Qe7 26. Qf4 Rfd8 27. d5 Bxe5 28. Qxe5 f6 29. Qe1 e5 30. Rc3 Rxc3 31. Qxc3 Bf5 32. Qc6 Qd6 33. Rc1 Kh7 34. Qc7 Qxc7 35. Rxc7 Rd7 36. Rc5 g5 37. g4 Be4 38. Kf1 f5 39. Ke2 fxg4 40. hxg4 Bg6 41. Ke3 Kg7 42. Ba4 Rd6 43. Ra5 Kf6 44. Bc6 Bf7 45. Kd3 a6 46. Kc3 Bg8 47. Kb4 e4 48. Kc5 Ke5 49. Kb6 Bxd5 50. Rxd5+ Rxd5 51. Bxd5 Kxd5 52. Kxa6 h5 53. gxh5 Ke6 54. h6 Kf7 55. h7 Kg7 56. Kb7 e3 57. fxe3 g4 58. a4 g3 59. a5 g2 60. a6 g1Q 61. h8Q+ Kxh8 62. a7 Qb1+ 63. Kc7 Qa2 64. Kb8 Qb3+ 65. Kc7 Qa4 66. Kb8 Qb5+ 67. Kc7 Qa6 68. Kb8 Qb6+ 69. Ka8 Qc7 0-1

[Event "NRW-ch U18"]
[Site "Kranenburg"]
[Date "2007.04.12"]
[Round "5"]
[White "Rehberg, Raphael"]
[Black "Steves, Dayanand"]
[Result "0-1"]
[WhiteElo "2199"]
[BlackElo "1980"]
[PlyCount "48"]
[EventDate "2007.04.09"]
[EventType "swiss"]
[EventRounds "7"]
[EventCountry "GER"]
[SourceTitle "EXT 2008"]
[Source "ChessBase"]
[SourceDate "2007.11.25"]
[SourceVersion "1"]
[SourceVersionDate "2007.11.25"]
[SourceQuality "1"]

1. d4 e6 2. Nf3 f5 3. c4 Nf6 4. Nc3 d5 5. Bf4 c6 6. e3 Be7 7. Bd3 0-0 8. Qc2 Ne4 9. Nd2 Nd7 10. f3 Nxc3 11. Qxc3 Bf6 12. 0-0-0 c5 13. Be5 Nxe5 14. dxe5 d4 15. Qa3 Bxe5 16. Qxc5 dxe3 17. Nf1 Qf6 18. Qa3 f4 19. g3 b5 20. cxb5 Bb7 21. Be2 Rfd8 22. gxf4 Rac8+ 23. Kb1 Rxd1+ 24. Bxd1 Qf5+ 0-1

[Event "NRW-ch U18"]
[Site "Kranenburg"]
[Date "2007.04.11"]
[Round "4"]
[White "Steves, Dayanand"]
[Black "Volkov, Mykyta"]
[Result "1-0"]
[WhiteElo "1980"]
[BlackElo "2022"]
[PlyCount "51"]
[EventDate "2007.04.09"]
[EventType "swiss"]
[EventRounds "7"]
[EventCountry "GER"]
[SourceTitle "EXT 2008"]
[Source "ChessBase"]
[SourceDate "2007.11.25"]
[SourceVersion "1"]
[SourceVersionDate "2007.11.25"]
[SourceQuality "1"]

1. e4 e6 2. d3 d5 3. Nd2 c5 4. Ngf3 Nc6 5. g3 Bd6 6. Bg2 Nge7 7. 0-0 0-0 8. Re1 Bc7 9. Nf1 Rb8 10. h4 b5 11. N1h2 a5 12. e5 Ba6 13. h5 h6 14. g4 Kh7 15. g5 Nf5 16. Ng4 Rh8 17. gxh6 Nxh6 18. Bg5 Qc8 19. Bxh6 gxh6 20. Qd2 Kg7 21. Qf4 Bd8 22. Kh1 Rh7 23. Rg1 Be7 24. Bh3 Kh8 25. Nf6 Qf8 26. Rg3 1-0

[Event "NRW-ch U18"]
[Site "Kranenburg"]
[Date "2007.04.10"]
[Round "2"]
[White "Steves, Dayanand"]
[Black "Klein, Felix"]
[Result "1-0"]
[WhiteElo "1980"]
[BlackElo "2194"]
[PlyCount "121"]
[EventDate "2007.04.09"]
[EventType "swiss"]
[EventRounds "7"]
[EventCountry "GER"]
[SourceTitle "EXT 2008"]
[Source "ChessBase"]
[SourceDate "2007.11.25"]
[SourceVersion "1"]
[SourceVersionDate "2007.11.25"]
[SourceQuality "1"]

1. e4 c5 2. c3 Nf6 3. e5 Nd5 4. d4 cxd4 5. cxd4 d6 6. Nf3 e6 7. Nc3 Nxc3 8. bxc3 Qc7 9. Bd2 Nd7 10. exd6 Bxd6 11. Bd3 b6 12. 0-0 Bb7 13. h3 0-0 14. Re1 Bf4 15. Bxf4 Qxf4 16. Qd2 Qc7 17. Ne5 Nxe5 18. Rxe5 g6 19. Rae1 Rfd8 20. Bc2 Rac8 21. R1e3 Bd5 22. Bb3 Qc6 23. h4 Kg7 24. h5 Bxg2 25. Bxe6 fxe6 26. Rxe6 Rd6 27. Re7+ Kg8 28. h6 Bd5 29. Rg7+ Kh8 30. Ree7 Bg8 31. Qf4 Rf6 32. Qe5 Qf3 33. Rgf7 Qxf2+ 34. Kh1 Qf3+ 35. Kh2 Qf2+ 36. Kh1 Rcc6 37. Re8 Qf3+ 38. Kh2 Qh5+ 39. Qxh5 gxh5 40. Rg7 Rf2+ 41. Kh1 Rf1+ 42. Kh2 Rf2+ 43. Kg1 Rg6+ 44. Kxf2 Rxg7 45. hxg7+ Kxg7 46. Re7+ Kf6 47. Rxa7 Kf5 48. Rg7 Bxa2 49. Rxh7 Kg4 50. Rb7 h4 51. Rxb6 Kh3 52. Rg6 Kh2 53. Rg5 h3 54. d5 Kh1 55. d6 Be6 56. c4 Bd7 57. c5 Bc8 58. c6 Bd7 59. cxd7 h2 60. Kg3 Kg1 61. Ra5 1-0

[Event "NRW-ch U18"]
[Site "Kranenburg"]
[Date "2007.04.09"]
[Round "1"]
[White "Diepenbrock, Till"]
[Black "Steves, Dayanand"]
[Result "0-1"]
[WhiteElo "1676"]
[BlackElo "1980"]
[PlyCount "56"]
[EventDate "2007.04.09"]
[EventType "swiss"]
[EventRounds "7"]
[EventCountry "GER"]
[SourceTitle "EXT 2008"]
[Source "ChessBase"]
[SourceDate "2007.11.25"]
[SourceVersion "1"]
[SourceVersionDate "2007.11.25"]
[SourceQuality "1"]

1. e4 e6 2. d4 d5 3. exd5 exd5 4. Nf3 Bg4 5. Bf4 Bd6 6. Bxd6 Qxd6 7. Nbd2 Ne7 8. c3 Nbc6 9. Bd3 0-0-0 10. h3 Bf5 11. Qe2 Rde8 12. 0-0-0 Qg6 13. Bxf5+ Nxf5 14. Qd3 Nfxd4 15. Qxg6 Ne2+ 16. Kc2 fxg6 17. g3 d4 18. Rhe1 Re7 19. Kd3 Rd8 20. Kc2 d3+ 21. Kb1 Rf7 22. Rf1 h6 23. Ne1 Ne5 24. Ne4 g5 25. Rd2 b6 26. f3 Re7 27. Ng2 Rf8 28. Ne1 Nc4 0-1

[Event "Solingen op-B"]
[Site "Solingen"]
[Date "2005.05.28"]
[Round "5"]
[White "Steves, Dayanand"]
[Black "Huette, Stefan"]
[Result "1-0"]
[WhiteElo "1957"]
[BlackElo "1938"]
[PlyCount "39"]
[EventDate "2005.05.26"]
[EventType "swiss"]
[EventRounds "7"]
[EventCountry "GER"]
[SourceTitle "EXT 2006"]
[Source "ChessBase"]
[SourceDate "2005.11.24"]
[SourceVersion "1"]
[SourceVersionDate "2005.11.24"]
[SourceQuality "1"]

1. e4 d5 2. exd5 Nf6 3. Bb5+ Bd7 4. Be2 Nxd5 5. d4 c6 6. c4 Nf6 7. Nf3 Bg4 8. 0-0 e6 9. Nc3 Bd6 10. Bg5 Nbd7 11. d5 cxd5 12. cxd5 e5 13. Ne4 Qe7 14. Nh4 Bxe2 15. Qxe2 Qf8 16. Bxf6 Nxf6 17. Nxf6+ gxf6 18. Qb5+ Kd8 19. Qxb7 Rb8 20. Qxa7 1-0

[Event "Duisburg Grossenbaum op"]
[Site "Duisburg"]
[Date "2005.05.14"]
[Round "3"]
[White "Kienitz, Andre"]
[Black "Steves, Dayanand"]
[Result "1/2-1/2"]
[WhiteElo "2215"]
[BlackElo "1980"]
[PlyCount "68"]
[EventDate "2005.05.13"]
[EventType "swiss"]
[EventRounds "7"]
[EventCountry "GER"]
[SourceTitle "EXT 2006"]
[Source "ChessBase"]
[SourceDate "2005.11.24"]
[SourceVersion "1"]
[SourceVersionDate "2005.11.24"]
[SourceQuality "1"]

1. e4 e6 2. d4 d5 3. Nd2 c5 4. exd5 exd5 5. Ngf3 a6 6. Be2 Nf6 7. 0-0 Be7 8. dxc5 Bxc5 9. Nb3 Bb6 10. Nfd4 0-0 11. Bg5 Nc6 12. Nxc6 bxc6 13. Qd2 h6 14. Be3 Bxe3 15. Qxe3 Re8 16. Qd2 Ne4 17. Qd1 Qb6 18. Bf3 Bb7 19. Bxe4 Rxe4 20. Re1 Rae8 21. Qd2 c5 22. Rxe4 Rxe4 23. Re1 Rxe1+ 24. Qxe1 c4 25. Qa5 Qf6 26. Nc5 Qxb2 27. h3 Qxc2 28. Qc7 c3 29. Nd7 Qc1+ 30. Kh2 h5 31. Qxb7 Qf4+ 32. Kg1 d4 33. Qc8+ Kh7 34. Nc5 Qc1+ 1/2-1/2

[Event "Stuttgart-chA int"]
[Site "Ditzingen"]
[Date "2005.05.07"]
[Round "5"]
[White "Turski, Tomasz"]
[Black "Steves, Dayanand"]
[Result "1-0"]
[WhiteElo "2091"]
[BlackElo "1980"]
[PlyCount "47"]
[EventDate "2005.05.05"]
[EventType "swiss"]
[EventRounds "7"]
[EventCountry "GER"]
[SourceTitle "EXT 2018"]
[Source "ChessBase"]
[SourceDate "2017.10.13"]
[SourceVersion "1"]
[SourceVersionDate "2017.10.13"]
[SourceQuality "1"]

1. d4 e6 2. c4 Bb4+ 3. Nc3 c5 4. e3 d6 5. Nf3 Ne7 6. Bd3 Nbc6 7. Qc2 Bxc3+ 8. bxc3 f5 9. 0-0 0-0 10. e4 cxd4 11. exf5 Nxf5 12. Bg5 Qe8 13. g4 h6 14. gxf5 hxg5 15. Nxd4 Nxd4 16. cxd4 exf5 17. Rae1 Qf7 18. c5 Be6 19. cxd6 Bd5 20. Re5 Qh5 21. Be2 Qh3 22. Rxd5 f4 23. Rxg5 f3 24. Bc4+ 1-0

[Event "NRW-ch U16"]
[Site "Kranenburg"]
[Date "2005.04.02"]
[Round "7"]
[White "Steves, Dayanand"]
[Black "Zemella, Christian"]
[Result "1/2-1/2"]
[WhiteElo "1980"]
[BlackElo "2053"]
[PlyCount "87"]
[EventDate "2005.03.28"]
[EventType "swiss"]
[EventRounds "7"]
[EventCountry "GER"]
[SourceTitle "CBM 105 Extra"]
[Source "ChessBase"]
[SourceDate "2005.05.01"]
[SourceVersion "1"]
[SourceVersionDate "2005.05.01"]
[SourceQuality "1"]

1. e4 c5 2. c3 b6 3. d4 Bb7 4. Nd2 cxd4 5. cxd4 Nf6 6. Bd3 Nc6 7. Ngf3 Nb4 8. Bb1 Ba6 9. Nb3 e6 10. a3 Nc6 11. Bd3 Bxd3 12. Qxd3 d6 13. 0-0 Be7 14. Bg5 0-0 15. Rac1 Rc8 16. d5 exd5 17. exd5 Ne5 18. Nxe5 dxe5 19. Bxf6 Bxf6 20. Rcd1 Bg5 21. d6 Qd7 22. Rfe1 Rc6 23. Rxe5 Bf4 24. Re7 Qxd6 25. Qxd6 Rxd6 26. Rxd6 Bxd6 27. Rxa7 Be5 28. Rb7 Bxb2 29. a4 g6 30. Rxb6 Ra8 31. a5 Kf8 32. Kf1 Ke8 33. Ke2 Ra7 34. Kd3 Be5 35. Kc4 Bc7 36. Kb5 Kd7 37. Nc5+ Kc8 38. a6 Bxb6 39. Kxb6 Kb8 40. Nb7 h5 41. g3 g5 42. f4 gxf4 43. gxf4 f5 44. h4 1/2-1/2

[Event "NRW-ch U16"]
[Site "Kranenburg"]
[Date "2005.03.30"]
[Round "4"]
[White "Klein, Felix"]
[Black "Steves, Dayanand"]
[Result "1-0"]
[WhiteElo "2152"]
[BlackElo "1980"]
[PlyCount "43"]
[EventDate "2005.03.28"]
[EventType "swiss"]
[EventRounds "7"]
[EventCountry "GER"]
[SourceTitle "CBM 105 Extra"]
[Source "ChessBase"]
[SourceDate "2005.05.01"]
[SourceVersion "1"]
[SourceVersionDate "2005.05.01"]
[SourceQuality "1"]

1. e4 e6 2. d4 d5 3. Nc3 Nf6 4. e5 Nfd7 5. f4 c5 6. Nf3 Nc6 7. Be3 cxd4 8. Nxd4 Bc5 9. Qd2 0-0 10. 0-0-0 a6 11. Qf2 Bxd4 12. Bxd4 Qa5 13. Kb1 b5 14. Bd3 Nxd4 15. Qxd4 b4 16. Ne4 Bb7 17. Nd6 Bc6 18. Qf2 Bb5 19. Qh4 f5 20. Qe7 Nc5 21. Nxf5 exf5 22. Qxc5 1-0

[Event "NRW-ch U16"]
[Site "Kranenburg"]
[Date "2005.03.28"]
[Round "1"]
[White "Steves, Dayanand"]
[Black "Fox, Daniel"]
[Result "1-0"]
[WhiteElo "1980"]
[BlackElo "1802"]
[PlyCount "95"]
[EventDate "2005.03.28"]
[EventType "swiss"]
[EventRounds "7"]
[EventCountry "GER"]
[SourceTitle "CBM 105 Extra"]
[Source "ChessBase"]
[SourceDate "2005.05.01"]
[SourceVersion "1"]
[SourceVersionDate "2005.05.01"]
[SourceQuality "1"]

1. d4 Nf6 2. c4 c5 3. d5 b5 4. cxb5 a6 5. b6 Qxb6 6. Nc3 g6 7. e4 d6 8. Nf3 Bg4 9. Be2 Bxf3 10. Bxf3 Bg7 11. 0-0 Nbd7 12. Kh1 0-0 13. Rb1 Ne8 14. Be3 Qb7 15. Qd2 f5 16. exf5 Rxf5 17. Bg4 Rf8 18. Bh6 Ndf6 19. Be6+ Kh8 20. Bxg7+ Kxg7 21. Rbe1 Nc7 22. Re2 Nxe6 23. Rxe6 Rae8 24. b3 Qb4 25. Qd3 Qd4 26. Qe3 Qxe3 27. Rxe3 Ng4 28. Re2 g5 29. h3 Ne5 30. Ne4 Nf7 31. Kg1 e5 32. Rb2 Rb8 33. Rfb1 a5 34. Nd2 Rb6 35. Nc4 Ra6 36. a3 Rc8 37. Kf1 Nh6 38. g4 Kf6 39. Nd2 Nf7 40. Ne4+ Ke7 41. b4 axb4 42. axb4 cxb4 43. Rxb4 Rc7 44. Rb8 Ra4 45. Ng3 Ra5 46. R1b7 Ra7 47. Nf5+ Kf6 48. Re8 1-0

[Event "NRW Class2 0405"]
[Site "Germany"]
[Date "2005.01.09"]
[Round "5.8"]
[White "Steves, Dayanand"]
[Black "Grinis, Yevgen"]
[Result "0-1"]
[WhiteElo "1974"]
[BlackElo "2098"]
[PlyCount "70"]
[EventDate "2004.10.10"]
[EventType "team"]
[EventRounds "9"]
[EventCountry "GER"]
[SourceTitle "EXT 2006"]
[Source "ChessBase"]
[SourceDate "2005.11.24"]
[SourceVersion "1"]
[SourceVersionDate "2005.11.24"]
[SourceQuality "1"]
[WhiteTeam "Krefeld Turm"]
[BlackTeam "Duesseldorf"]
[WhiteTeamCountry "GER"]
[BlackTeamCountry "GER"]

1. d4 Nf6 2. c4 e5 3. dxe5 Ng4 4. Nf3 Bc5 5. e3 Nc6 6. Be2 Ngxe5 7. Nxe5 Nxe5 8. 0-0 0-0 9. a3 a5 10. b3 Re8 11. Bb2 Ra6 12. Nd2 Rh6 13. Re1 Qh4 14. Nf1 d6 15. Bc3 Bb6 16. Bd4 c5 17. Bc3 a4 18. Bxe5 dxe5 19. b4 Rf6 20. g3 Qh3 21. Qxa4 Bd7 22. b5 h5 23. e4 h4 24. Ne3 Rxf2 25. Kxf2 Qxh2+ 26. Ng2 Qxg3+ 27. Kg1 h3 28. Bf1 hxg2 29. Bxg2 Bg4 30. Qc2 Ba5 31. Rf1 Bc3 32. Ra2 Bd4+ 33. Rf2 Re6 34. Kf1 Bxf2 35. Qc1 Be3 0-1

[Event "NRW Class2 0405"]
[Site "Germany"]
[Date "2004.10.10"]
[Round "1.7"]
[White "Iounoussov, Maksim"]
[Black "Steves, Dayanand"]
[Result "1-0"]
[WhiteElo "2194"]
[BlackElo "1974"]
[PlyCount "119"]
[EventDate "2004.10.10"]
[EventType "team"]
[EventRounds "9"]
[EventCountry "GER"]
[SourceTitle "EXT 2006"]
[Source "ChessBase"]
[SourceDate "2005.11.24"]
[SourceVersion "1"]
[SourceVersionDate "2005.11.24"]
[SourceQuality "1"]
[WhiteTeam "Bochum II"]
[BlackTeam "Krefeld Turm"]
[WhiteTeamCountry "GER"]
[BlackTeamCountry "GER"]

1. e4 e6 2. d4 d5 3. Nd2 c5 4. exd5 exd5 5. Ngf3 Nf6 6. Bb5+ Bd7 7. Bxd7+ Nbxd7 8. 0-0 Be7 9. dxc5 Nxc5 10. Nb3 Nce4 11. Nfd4 Qd7 12. f3 Nd6 13. Nc5 Qc8 14. Nd3 0-0 15. Be3 Nf5 16. Bf2 Nxd4 17. Bxd4 Qf5 18. Qd2 Bd6 19. Rae1 h5 20. Be5 Bxe5 21. Rxe5 Qd7 22. Nf4 Qd6 23. Qd4 Rac8 24. Nxd5 Nxd5 25. Rxd5 Qh6 26. c4 h4 27. h3 Rce8 28. Qd2 Re3 29. Rd1 Rfe8 30. Rd8 Qb6 31. Rxe8+ Rxe8+ 32. Qf2 Qa6 33. Qxh4 Qb6+ 34. Qf2 Qa6 35. b3 Qa5 36. h4 a6 37. c5 Rd8 38. Rxd8+ Qxd8 39. g4 Qd5 40. Kg2 f5 41. Qe2 Qc6 42. g5 Qg6 43. Qc4+ Kh7 44. b4 Qe8 45. Qd3 Qf7 46. Kg3 g6 47. Qd6 Qxa2 48. Qd7+ Kg8 49. Qc8+ Kg7 50. Qxb7+ Kg8 51. Qc8+ Kg7 52. Qd7+ Kg8 53. Qd8+ Kh7 54. Qe7+ Kh8 55. Qf6+ Kh7 56. h5 f4+ 57. Qxf4 gxh5 58. Qf5+ Kh8 59. g6 h4+ 60. Kh3 1-0

[Event "Goch op 15th"]
[Site "Goch"]
[Date "2004.10.03"]
[Round "6"]
[White "Koch, Frank"]
[Black "Steves, Dayanand"]
[Result "0-1"]
[WhiteElo "2134"]
[BlackElo "1974"]
[PlyCount "100"]
[EventDate "2004.09.30"]
[EventType "swiss"]
[EventRounds "7"]
[EventCountry "GER"]
[SourceTitle "EXT 2006"]
[Source "ChessBase"]
[SourceDate "2005.11.24"]
[SourceVersion "1"]
[SourceVersionDate "2005.11.24"]
[SourceQuality "1"]

1. e4 e6 2. d4 d5 3. Nc3 Nf6 4. e5 Nfd7 5. f4 c5 6. Nf3 Nc6 7. Be3 Qb6 8. Na4 Qa5+ 9. c3 c4 10. b4 Nxb4 11. cxb4 Bxb4+ 12. Kf2 b5 13. Nb2 Ba3 14. Qc2 Qc7 15. Be2 a5 16. Rhf1 Nb6 17. Kg1 Ba6 18. Rab1 g6 19. Bf2 Bxb2 20. Rxb2 Qd7 21. Rbb1 b4 22. Rfc1 0-0 23. f5 exf5 24. Bh4 Qe6 25. Qd2 Nd7 26. Qh6 f6 27. exf6 Nxf6 28. Bxf6 Qxf6 29. Ne5 Rfe8 30. Bf3 Rad8 31. Re1 Qb6 32. Qf4 c3 33. h4 Qf6 34. Ng4 Qg7 35. Bxd5+ Kh8 36. Rxe8+ Rxe8 37. Ne5 Bb7 38. Nf7+ Kg8 39. Nd6+ Bxd5 40. Nxe8 Qe7 41. Nc7 Bxa2 42. Rf1 Bc4 43. Ra1 b3 44. d5 b2 45. Rb1 Qe4 46. Qd6 Qxb1+ 47. Kh2 Qe4 48. Qd8+ Kf7 49. Ne6 Qe5+ 50. Kh3 Bxd5 0-1

[Event "NRW-ch U16"]
[Site "Wolfsburg"]
[Date "2004.04.15"]
[Round "5"]
[White "Steves, Dayanand"]
[Black "Fox, Daniel"]
[Result "1/2-1/2"]
[WhiteElo "1986"]
[BlackElo "1726"]
[PlyCount "83"]
[EventDate "2004.04.??"]
[EventType "swiss"]
[EventRounds "7"]
[EventCountry "GER"]
[SourceTitle "EXT 2005"]
[Source "ChessBase"]
[SourceDate "2004.11.15"]
[SourceVersion "1"]
[SourceVersionDate "2004.11.15"]
[SourceQuality "1"]

1. e4 e6 2. d3 d5 3. Nd2 c5 4. Ngf3 Nc6 5. g3 Nf6 6. Bg2 Be7 7. 0-0 0-0 8. e5 Nd7 9. Re1 Qc7 10. Qe2 f6 11. exf6 Nxf6 12. c3 Bd6 13. a3 e5 14. b4 Re8 15. b5 Nd8 16. c4 d4 17. Nh4 Bg4 18. Qf1 Nf7 19. h3 Be6 20. Ne4 Nxe4 21. Bxe4 Qd7 22. Kh2 Rf8 23. Qg2 Rab8 24. Bd2 Kh8 25. a4 Be7 26. Nf3 Bf5 27. Bd5 Bd6 28. Be4 Bxe4 29. Rxe4 Rbe8 30. Rae1 Re6 31. Ng5 Nxg5 32. Bxg5 Rg6 33. Bd2 Rgf6 34. R1e2 h6 35. Be1 Qf5 36. Rd2 Kh7 37. Ree2 Qf3 38. Qxf3 Rxf3 39. Kg2 R8f6 40. Rd1 Kg8 41. Kg1 Kf7 42. Kg2 1/2-1/2

[Event "Stuttgart-chA"]
[Site "Stuttgart"]
[Date "2004.??.??"]
[Round "?"]
[White "Schuran, Werner"]
[Black "Steves, Dayanand"]
[Result "1-0"]
[WhiteElo "2130"]
[BlackElo "1985"]
[PlyCount "101"]
[EventDate "2004.05.20"]
[EventType "swiss"]
[EventRounds "7"]
[EventCountry "GER"]
[SourceTitle "EXT 2007"]
[Source "ChessBase"]
[SourceDate "2006.11.23"]
[SourceVersion "1"]
[SourceVersionDate "2006.11.23"]
[SourceQuality "1"]

1. e4 e6 2. d4 d5 3. Nd2 c5 4. exd5 exd5 5. Ngf3 Nf6 6. c3 a6 7. Be2 Be7 8. dxc5 Bxc5 9. 0-0 0-0 10. Nb3 Bb6 11. Bg5 Re8 12. Qc2 Qd6 13. Rad1 Ne4 14. Bd3 Nxg5 15. Nxg5 h6 16. Rfe1 Rxe1+ 17. Rxe1 Bd7 18. Nf3 Nc6 19. Bf5 Rc8 20. Bxd7 Qxd7 21. Qd3 Rd8 22. Rd1 Bc7 23. Nbd4 g6 24. g3 Bb6 25. Kg2 Nxd4 26. Nxd4 Qa4 27. a3 Kg7 28. Rd2 Bxd4 29. Qxd4+ Qxd4 30. Rxd4 Kf6 31. f4 Ke6 32. Kf3 Kd6 33. h4 b5 34. Kg4 Re8 35. h5 f5+ 36. Kf3 gxh5 37. Rd2 Re6 38. Rh2 Kc5 39. Rxh5 Rf6 40. g4 fxg4+ 41. Kxg4 Kc4 42. f5 Kc5 43. Kf4 Kd6 44. Rh1 Ke7 45. Ke5 Kf7 46. Rh5 Ke7 47. Kxd5 Rd6+ 48. Ke5 Rd2 49. Rxh6 Re2+ 50. Kd5 a5 51. Re6+ 1-0

[Event "Stuttgart-chA"]
[Site "Stuttgart"]
[Date "2004.??.??"]
[Round "?"]
[White "Steves, Dayanand"]
[Black "Diele, Ralf"]
[Result "1/2-1/2"]
[WhiteElo "1985"]
[BlackElo "1740"]
[PlyCount "139"]
[EventDate "2004.05.20"]
[EventType "swiss"]
[EventRounds "7"]
[EventCountry "GER"]
[SourceTitle "EXT 2007"]
[Source "ChessBase"]
[SourceDate "2006.11.23"]
[SourceVersion "1"]
[SourceVersionDate "2006.11.23"]
[SourceQuality "1"]

1. e4 b6 2. d4 Bb7 3. Nc3 e6 4. Nf3 Bb4 5. Bd3 Nf6 6. Qe2 d5 7. e5 Ne4 8. Bd2 Nxd2 9. Nxd2 Bxc3 10. bxc3 c5 11. Qg4 g6 12. 0-0 Nc6 13. Nf3 c4 14. Be2 h6 15. Nd2 Qe7 16. a4 Na5 17. Nb1 Bc6 18. Na3 Qd7 19. Nb5 Bxb5 20. axb5 Qxb5 21. Qf3 Qc6 22. Qf6 Rh7 23. Rfb1 Qd7 24. Qf3 Rc8 25. Qg3 Qe7 26. f4 Kd7 27. Bf3 Kc7 28. Qe1 g5 29. f5 exf5 30. Bxd5 Kd8 31. Qf2 Qd7 32. Bf3 h5 33. Qd2 Qe7 34. Re1 g4 35. Be2 h4 36. Qf4 Rh5 37. Bf1 Qg5 38. Qxg5+ Rxg5 39. d5 Rc5 40. Rad1 f4 41. e6 fxe6 42. dxe6+ Rcd5 43. Rd4 Ke7 44. Rxf4 Rg7 45. Rfe4 b5 46. Be2 g3 47. h3 Rd2 48. Bd1 Rg6 49. Bg4 Nc6 50. Rf4 Rf6 51. Rxf6 Kxf6 52. Rf1+ Rf2 53. Rc1 a5 54. Bf3 Ne5 55. Bg4 Nxg4 56. Re1 Ne5 57. Rxe5 Rxc2 58. Kf1 Ke7 59. Rxb5 Rxc3 60. Rxa5 Rc1+ 61. Ke2 Rc2+ 62. Kf3 Kxe6 63. Rh5 Rf2+ 64. Ke3 Rxg2 65. Rxh4 c3 66. Rc4 Rh2 67. Rxc3 Rxh3 68. Rc1 g2+ 69. Kf2 Rh1 70. Rg1 1/2-1/2